Florida Counties (With Hints) Quiz Stats

Quiz not verified by Sporcle

Also try: Flipped US States
Challenge
Share
Tweet
Embed
Score 0/20 Timer 06:00
0 Plays Today
Hint County % Correct
'Give me _____ or give me death!'Liberty
95.5%
State with capital OlympiaWashington
93.2%
Last name of literary detective SherlockHolmes
93.2%
Team name for Syracuse UniversityOrange
93.2%
Home to the New York Rangers and New York Knicks: _____ Square GardenMadison
93.2%
The butcher, the _____, and the candlestick makerBaker
90.9%
Country band with the song 'Not Ready to Make Nice': _____ ChicksDixie
88.6%
Capital city of MississippiJackson
88.6%
First name of assassin Oswald or actor MajorsLee
88.6%
Last name of pop singer Ricky, of 'Livin' La Vida Loca' fameMartin
84.1%
Hint County % Correct
Ivy League university in New York CityColumbia
84.1%
Home city of the NBA's HornetsCharlotte
84.1%
French war hero of the American Revolution, The Marquis de _____Lafayette
81.8%
Team name for Florida State UniversitySeminole
79.5%
Site of the first battle of the US Civil War: Fort _____Sumter
77.3%
2015 Broadway musical written by Lin-Manuel MirandaHamilton
77.3%
Spanish autonomous community and former kingdom: Castile and _____Leon
72.7%
Last name of 1971-1981 TV family, featuring John, Olivia, and John-BoyWalton
63.6%
Fictional turtle created by Paulette BourgeoisFranklin
52.3%
River mentioned in Stephen Foster's 'Old Folks at Home'Suwannee
47.7%

You're not logged in!

Compare scores with friends on all Sporcle quizzes.
Sign Up with Email
OR
Log In

You Might Also Like...

Show Comments

Extras

Top Quizzes Today


Score Distribution

Your Account Isn't Verified!

In order to create a playlist on Sporcle, you need to verify the email address you used during registration. Go to your Sporcle Settings to finish the process.